| 000 | 00726nam a2200205Ia 4500 | ||
|---|---|---|---|
| 003 | GCL | ||
| 008 | 140319s9999 xx 000 0 ara d | ||
| 040 |
_aGCL / _cGCL |
||
| 082 | 0 | 4 |
_a811.1 _bا ا |
| 100 | 1 | _aالاعلم الشنتمرى، يوسف بن سليم | |
| 245 | 1 | 0 |
_aاشعار الشعراء الستة الجاهليين مختارات من الشعر الجاهلى / _cالاعلم الشنتمرى، يوسف بن سليم |
| 700 | 1 | _aمحمد عبدالمنعم خفاجى | |
| 260 |
_a[S.N] : _bدار الجيل ، _c1992 |
||
| 300 | _a358 ص | ||
| 490 | _a | ||
| 650 | 0 | 4 | _aالشعر العربى |
| 650 | 0 | 4 | _aالعصر الجاهلى |
| 650 | 0 | 4 | _aدواوين وقصائد |
| 942 |
_2ddc _cBK |
||
| 999 |
_c52775 _d52775 |
||